Disney songs in movies quiz - Statistics

General Stats
  • This quiz has been taken 569 times
  • The average score is 11 of 13
Answer Stats
Songs Movies % Correct
Hakuna Matata the Lion King
99%
A Whole New World Aladin
98%
Love is an Open Door Frozen
97%
Be Our Guest Beauty and the Beast
94%
How Far I'll Go Moana
94%
You've Got a Friend in Me Toy Story
91%
Part of Your World The Little Mermaid
90%
The Bare Necessities The Jungle Book
89%
Reflection Mulan
88%
Colors of the Wind Pocahontas
87%
Almost There The Princess and the Frog
79%
I've Got a Dream Tangled
77%
Try Everything Zootopia
68%
No matching quizzes found
Score Distribution
Percent of People with Each Score
Percentile by Number Answered
Your Score History
You have not taken this quiz